[Event "Januariturneringen"]
[Site "?"]
[Date "2006.01.06"]
[Round "1"]
[White "Fuentes, Ruben"]
[Black "Baghomian, Emin"]
[Result "1-0"]
[WhiteElo "1970"]
[BlackElo "1598"]
[PlyCount "111"]
[EventDate "2006.??.??"]

1. e4 e6 2. d4 d5 3. e5 c5 4. Nf3 a6 5. Bd3 Nc6 6. O-O Qc7 7. Bf4 cxd4 8. Nbd2
Bc5 9. Nb3 Ba7 10. Re1 Nge7 11. h4 Bd7 12. h5 h6 13. Qd2 Rc8 14. Rac1 Qb6 15.
g4 a5 16. Rb1 a4 17. Nc1 Qb4 18. Qd1 a3 19. Nb3 axb2 20. Rxb2 Qb6 21. Rb1 Qc7
22. Qd2 Kd8 23. g5 hxg5 24. Nxg5 Ke8 25. Kg2 Rxh5 26. Rh1 Rxh1 27. Rxh1 Ng8 28.
Rh8 Nce7 29. Bg3 Qc3 30. Qf4 Kd8 31. Qxf7 Kc7 32. Nxe6+ Bxe6 33. Qxe6 Kb8 34.
Qf7 Ka8 35. Qxg7 Qc6 36. Bh4 Qe6 37. Rh7 Re8 38. Bb5 Rb8 39. Bxe7 Nxe7 40. Qxe7
Qg4+ 41. Kh2 Qf4+ 42. Kh3 Qf3+ 43. Kh4 Qxf2+ 44. Kg5 Rg8+ 45. Rg7 Qg3+ 46. Kf6
Qf3+ 47. Ke6 Qh3+ 48. Kf7 Rc8 49. Qg5 Rc7+ 50. Kf6 Rxc2 51. e6 Qc3 52. Qxd5
Rf2+ 53. Ke7 d3 54. Rg8+ Bb8 55. Nc5 Qb4 56. Qxb7# 1-0

[Event "Januariturneringen"]
[Site "?"]
[Date "2006.01.06"]
[Round "1"]
[White "Berggren, Johanna"]
[Black "Hjorth, Gunnar"]
[Result "0-1"]
[WhiteElo "1714"]
[BlackElo "2245"]
[PlyCount "130"]

1. d4 Nf6 2. c4 g6 3. Nc3 d5 4. cxd5 Nxd5 5. e4 Nxc3 6. bxc3 Bg7 7. Bc4 c5 8.
Ne2 O-O 9. O-O Nc6 10. Be3 Qc7 11. Qc2 Na5 12. Bb3 cxd4 13. cxd4 Qxc2 14. Bxc2
Be6 15. Rfd1 Rfc8 16. Bd3 Bc4 17. f3 Kf8 18. Bxc4 Nxc4 19. Bf2 b5 20. Nc1 Na3
21. Nb3 Rc2 22. Rdc1 Rd8 23. Rxc2 Nxc2 24. Rd1 Nb4 25. Rd2 Bh6 26. Re2 Nd3 27.
Be3 Bxe3+ 28. Rxe3 Nb4 29. Re2 Rc8 30. Nc5 Nc6 31. Rc2 Ke8 32. Nb3 Kd8 33. a3
h5 34. Rc5 a6 35. Kf2 Nb8 36. Ke3 Nd7 37. Rxc8+ Kxc8 38. Kd3 Kc7 39. Kc3 Kb6
40. Kb4 Nb8 41. Kc3 a5 42. Nc5 e5 43. Nd3 exd4+ 44. Kxd4 Nc6+ 45. Kc3 a4 46.
Nb4 Ne5 47. Nc2 Kc5 48. Nb4 g5 49. Na6+ Kb6 50. Nb4 Nc4 51. Nc2 Kc5 52. Kd3 h4
53. Kc3 Nxa3 54. Nxa3 b4+ 55. Kb2 bxa3+ 56. Kxa3 Kd4 57. g3 h3 58. Kxa4 Ke3 59.
Kb5 Kxf3 60. e5 Kg2 61. Kc6 Kxh2 62. Kd6 Kxg3 63. Ke7 h2 64. Kxf7 h1=Q 65. e6
g4 0-1

[Event "Januariturneringen"]
[Site "?"]
[Date "2006.01.06"]
[Round "1"]
[White "Nygren, David"]
[Black "Englund, Magnus"]
[Result "1-0"]
[WhiteElo "2274"]
[BlackElo "1762"]
[PlyCount "53"]

1. e4 Nf6 2. e5 Nd5 3. c4 Nb6 4. d4 d6 5. exd6 cxd6 6. Nc3 g6 7. h3 Bg7 8. Nf3
O-O 9. Be3 Nc6 10. Rc1 d5 11. c5 Nc4 12. Bxc4 dxc4 13. O-O Bf5 14. Qa4 Bd3 15.
Rfd1 Qa5 16. Qxa5 Nxa5 17. b4 Nc6 18. b5 Nb4 19. Ne1 Rad8 20. a3 Nd5 21. Nxd3
cxd3 22. Rxd3 e5 23. Nxd5 Rxd5 24. c6 bxc6 25. bxc6 f5 26. c7 Rc8 27. Rb3 1-0

[Event "Januariturneringen"]
[Site "?"]
[Date "2006.01.06"]
[Round "1"]
[White "Josefsson, Kenneth"]
[Black "Forsberg, Viktor"]
[Result "0-1"]
[WhiteElo "1843"]
[BlackElo "2278"]
[PlyCount "54"]

1. e4 e5 2. Nf3 Nc6 3. Bb5 a6 4. Ba4 Nf6 5. Nc3 b5 6. Bb3 Bc5 7. d3 d6 8. h3 h6
9. a3 Bd7 10. Bd2 Ne7 11. Ne2 Qb8 12. Qc1 Qb6 13. Be3 Bxe3 14. Qxe3 c5 15. O-O
g5 16. Nd2 Ng6 17. f3 Nf4 18. Nxf4 gxf4 19. Qf2 Ke7 20. Kh2 Rhg8 21. Rg1 Rg3
22. Nf1 Rag8 23. Kh1 R3g5 24. Rd1 Bxh3 25. gxh3 Rxg1+ 26. Qxg1 Rxg1+ 27. Kxg1
c4+ 0-1

[Event "Januariturneringen"]
[Site "?"]
[Date "2006.01.06"]
[Round "1"]
[White "Johansson, David"]
[Black "Johansson, Björn"]
[Result "1-0"]
[WhiteElo "1867"]
[BlackElo "1422"]
[PlyCount "33"]

1. e4 e5 2. Nf3 d6 3. d4 Bg4 4. dxe5 Bxf3 5. Qxf3 dxe5 6. Bc4 Qf6 7. Qb3 b6 8.
Nc3 c6 9. Bg5 Qg6 10. Rd1 Be7 11. Nb5 cxb5 12. Bxb5+ Nc6 13. Qd5 Qxg5 14. Qxc6+
Kf8 15. Qxa8+ Bd8 16. Rxd8+ Ke7 17. Rd7+ 1-0

[Event "Januariturneringen"]
[Site "?"]
[Date "2006.01.06"]
[Round "1"]
[White "Sundin, David"]
[Black "Nilsson, Dennis"]
[Result "0-1"]
[WhiteElo "1640"]
[BlackElo "2088"]
[PlyCount "52"]

1. e4 e5 2. Nf3 Nf6 3. Nc3 Nc6 4. Bc4 Nxe4 5. Nxe4 d5 6. Bb5 dxe4 7. Nxe5 Qg5
8. d4 Qxg2 9. Rf1 Bd6 10. Nxc6 a6 11. Ba4 Bd7 12. d5 bxc6 13. dxc6 Bh3 14. Qe2
Qxf1+ 15. Qxf1 Bxf1 16. Kxf1 Bxh2 17. Kg2 Be5 18. c3 Rb8 19. Bc2 f5 20. Rb1 O-O
21. c4 Rf6 22. Ba4 f4 23. Bc2 f3+ 24. Kf1 Rd6 25. Ke1 Bf6 26. Be3 Bxb2 0-1

[Event "Januariturneringen"]
[Site "?"]
[Date "2006.01.06"]
[Round "1"]
[White "Malmdin, Nils Åke"]
[Black "Berggren, Karl-Erik"]
[Result "1-0"]
[WhiteElo "2225"]
[BlackElo "1695"]
[PlyCount "67"]

1. e4 e6 2. d4 d5 3. Nc3 Bb4 4. e5 Ne7 5. Qg4 c5 6. a3 Bxc3+ 7. bxc3 Qc7 8. Bd2
Nbc6 9. Nf3 Bd7 10. Qxg7 Rg8 11. Qxh7 O-O-O 12. Qd3 c4 13. Qe2 Nf5 14. h3 Nce7
15. g4 Ng7 16. Bg2 Ba4 17. Bg5 Rde8 18. h4 Qa5 19. Kd2 Nc6 20. h5 f6 21. Bxf6
Nf5 22. gxf5 Rxg2 23. Rag1 Rxg1 24. Rxg1 exf5 25. h6 Bxc2 26. Kxc2 Qxa3 27. Rb1
Qa2+ 28. Rb2 Qa4+ 29. Kb1 Na5 30. Rb4 Qd7 31. Ng5 f4 32. e6 Qc6 33. h7 Nb3 34.
Qh5 1-0

[Event "Januariturneringen"]
[Site "?"]
[Date "2006.01.06"]
[Round "1"]
[White "Berggren, Kalle"]
[Black "Wahlström, Arne"]
[Result "0-1"]
[WhiteElo "1658"]
[BlackElo "2128"]
[PlyCount "46"]

1. d4 Nf6 2. Nc3 d5 3. e4 dxe4 4. f3 exf3 5. Nxf3 Bg4 6. h3 Bxf3 7. Qxf3 c6 8.
Be3 e6 9. Bd3 Bd6 10. g4 Qa5 11. g5 Nd5 12. O-O O-O 13. Qe4 g6 14. h4 Nxc3 15.
bxc3 Nd7 16. h5 Rae8 17. Rf3 Qd5 18. Qg4 f5 19. gxf6 Nxf6 20. Rxf6 Rxf6 21.
hxg6 h5 22. Qh4 Qf3 23. Bf2 Rf4 0-1

[Event "Januariturneringen"]
[Site "?"]
[Date "2006.01.06"]
[Round "1"]
[White "Kling, Anders"]
[Black "Jonsson, Emil"]
[Result "1-0"]
[WhiteElo "2297"]
[BlackElo "1860"]
[PlyCount "61"]

1. e4 e6 2. d4 d5 3. Nc3 Nf6 4. Bg5 Be7 5. Bxf6 Bxf6 6. e5 Be7 7. Qg4 g6 8. h4
h5 9. Qf4 c5 10. dxc5 Bxc5 11. O-O-O Bd7 12. Nf3 Nc6 13. Ng5 Qe7 14. Rh3 Nxe5
15. Qxe5 f6 16. Qe1 fxg5 17. hxg5 O-O-O 18. f4 Rhf8 19. g3 Bb4 20. a3 Bd6 21.
Rh2 Rde8 22. Kb1 Kb8 23. Re2 Qf7 24. Bh3 Re7 25. Ne4 Bc7 26. Nc5 Bc8 27. Bxe6
Qe8 28. Rxd5 b6 29. Qb4 Bxe6 30. Nxe6 a5 31. Qc4 1-0

[Event "Januariturneringen"]
[Site "?"]
[Date "2006.01.06"]
[Round "1"]
[White "Carlsson, Eric"]
[Black "Ahlbom, Roger"]
[Result "1-0"]
[WhiteElo "2095"]
[BlackElo "1647"]
[PlyCount "135"]

1. Nf3 d5 2. g3 c6 3. Bg2 Bf5 4. O-O e6 5. d3 Nd7 6. Nbd2 Ngf6 7. b3 Be7 8. Bb2
O-O 9. c4 Re8 10. Re1 Bb4 11. a3 Be7 12. Qc2 Ng4 13. h3 Nh6 14. Rad1 Bg6 15. e4
dxc4 16. Nxc4 Qc7 17. Nfe5 Bf6 18. Nxg6 Bxb2 19. Qxb2 hxg6 20. d4 Nb6 21. Ne5
Kf8 22. Qc3 Ng8 23. d5 Nf6 24. dxc6 bxc6 25. Qc5+ Kg8 26. Rd6 Nfd7 27. Qxc6
Qxc6 28. Nxc6 Nf6 29. Red1 Kf8 30. Ne5 Rab8 31. b4 Nc8 32. Rd8 Ne7 33. R8d6 Nc8
34. R6d4 Ne7 35. g4 g5 36. a4 Rec8 37. b5 Ke8 38. Nf3 Rc5 39. Nd2 Rbc8 40. Bf1
Rc1 41. Nc4 Rxd1 42. Rxd1 Rc7 43. Nd6+ Kf8 44. a5 Nc8 45. Nxc8 Rxc8 46. f3 Ke7
47. Kf2 Nd7 48. Ke3 f6 49. Rd4 Ne5 50. b6 axb6 51. axb6 Nc4+ 52. Bxc4 Rb8 53.
Bb5 Rxb6 54. Rd7+ Kf8 55. Bc4 Kg8 56. Kd4 Kf8 57. Kc5 Rb1 58. Bxe6 Rc1+ 59. Kb6
Rc3 60. Rf7+ Ke8 61. Rxg7 Rxf3 62. Kc6 Rxh3 63. Kd6 Rh8 64. Re7+ Kf8 65. Rb7
Rh4 66. Rf7+ Ke8 67. Rxf6 Rh3 68. Bd7+ 1-0

[Event "Januariturneringen"]
[Site "?"]
[Date "2006.01.06"]
[Round "1"]
[White "Prokopic, Novak"]
[Black "Eckeskog, Patrik"]
[Result "1/2-1/2"]
[WhiteElo "1547"]
[BlackElo "1881"]
[PlyCount "153"]

1. c4 c5 2. a3 Nc6 3. Nc3 e6 4. d3 Nf6 5. Bf4 d5 6. cxd5 Nxd5 7. Nxd5 Qxd5 8.
Nf3 e5 9. Bd2 Bg4 10. h3 Bh5 11. Bc3 e4 12. dxe4 Qxe4 13. Qb3 Rb8 14. Rd1 f6
15. Qd5 Qxd5 16. Rxd5 Bf7 17. Rd2 b5 18. e3 a5 19. b4 axb4 20. axb4 c4 21. Rb2
Ra8 22. Be2 Ra3 23. Kd2 Be7 24. Rc1 O-O 25. Nd4 Rd8 26. Bf3 Ne5 27. Be4 Bg6 28.
Bxg6 hxg6 29. Rcc2 Nd3 30. Ra2 Rxa2 31. Rxa2 Bxb4 32. Nxb5 Nxf2+ 33. Ke2 Bxc3
34. Nxc3 Nd3 35. Ra7 Ne5 36. Rc7 Rb8 37. Ne4 Rb2+ 38. Kf1 g5 39. Ng3 Rc2 40.
Nf5 g6 41. Nd6 Rc1+ 42. Ke2 c3 43. Ne4 Rc2+ 44. Kf1 Rc1+ 45. Ke2 Rc2+ 46. Kf1
f5 47. Rxc3 Rxc3 48. Nxc3 Kf7 49. Kf2 Ke6 50. Ne2 Nd3+ 51. Kf3 Kd5 52. Nc3+ Kc4
53. Ne2 Ne5+ 54. Kf2 Kd3 55. Ng3 Nc4 56. Nf1 Ne5 57. Ng3 Nc4 58. Nf1 Nb2 59.
Kf3 Nc4 60. g4 Ne5+ 61. Kg3 Ke2 62. Nh2 Kxe3 63. gxf5 gxf5 64. h4 f4+ 65. Kh3
g4+ 66. Kg2 f3+ 67. Kg3 Ke2 68. h5 f2 69. h6 Nf3 70. h7 Nxh2 71. h8=Q Nf1+ 72.
Kxg4 Ne3+ 73. Kg3 f1=Q 74. Qb2+ Kd3 75. Qb5+ Nc4 76. Qd5+ Kc2 77. Qg2+ 1/2-1/2

[Event "Januariturneringen"]
[Site "?"]
[Date "2006.01.07"]
[Round "2"]
[White "Wahlström, Arne"]
[Black "Kling, Anders"]
[Result "1-0"]
[WhiteElo "2128"]
[BlackElo "2297"]
[PlyCount "106"]

1. e4 e5 2. Nf3 Nc6 3. Bb5 a6 4. Ba4 Nf6 5. O-O Be7 6. Re1 b5 7. Bb3 O-O 8. h3
d6 9. c3 Nb8 10. d4 Nbd7 11. Nbd2 Bb7 12. Bc2 c5 13. Nf1 cxd4 14. cxd4 Rc8 15.
Ng3 Re8 16. d5 g6 17. a4 Qc7 18. Re2 Nc5 19. axb5 axb5 20. b4 Na6 21. Rb1 Nd7
22. Nh2 Nb6 23. Qd2 Qd8 24. Ng4 Nc4 25. Qd3 Nc7 26. Nh6+ Kf8 27. Qf3 f6 28. Nh5
Nb6 29. Nf5 Ncxd5 30. Bh6+ Kf7 31. Bb3 Nc4 32. exd5 Bf8 33. Bg5 e4 34. Rxe4
Rxe4 35. Qxe4 Qe8 36. Qf3 Qe5 37. Nxf6 Qxf5 38. Qxf5 gxf5 39. Nh5 Bxd5 40. Nf4
Bb7 41. Rd1 h6 42. Bh4 Ra8 43. Ne2 d5 44. Nd4 Bxb4 45. Nxb5 Nd2 46. Bc2 Bc8 47.
Nd4 Kg6 48. g4 Ra3 49. Kg2 Ne4 50. f3 Nf6 51. Nc6 Bd7 52. Nxb4 Ra2 53. Rb1 d4
1-0

[Event "Januariturneringen"]
[Site "?"]
[Date "2006.01.07"]
[Round "2"]
[White "Johansson, Björn"]
[Black "Berggren, Kalle"]
[Result "0-1"]
[WhiteElo "1422"]
[BlackElo "1658"]
[PlyCount "50"]

1. d4 Nf6 2. Bf4 c5 3. e3 Qb6 4. b3 cxd4 5. Qxd4 Qd8 6. Nc3 Nc6 7. Qd2 e5 8.
Bg5 Bb4 9. Bxf6 Qxf6 10. e4 Nd4 11. a3 Bxc3 12. Qxc3 d5 13. exd5 Bf5 14. Nf3
Rc8 15. Bb5+ Nxb5 16. Qxe5+ Qxe5+ 17. Nxe5 Bxc2 18. a4 Nd4 19. d6 O-O 20. O-O
Nxb3 21. d7 Rcd8 22. Ra2 Bf5 23. Rd1 f6 24. Rb2 fxe5 25. Rxb3 Bc2 0-1

[Event "Januariturneringen"]
[Site "?"]
[Date "2006.01.07"]
[Round "2"]
[White "Baghomian, Emin"]
[Black "Berggren, Johanna"]
[Result "0-1"]
[WhiteElo "1598"]
[BlackElo "1714"]
[PlyCount "84"]

1. e4 c5 2. Nf3 d6 3. d4 cxd4 4. Nxd4 Nf6 5. Nc3 a6 6. Be2 e6 7. O-O Qc7 8. Be3
Be7 9. f4 Nbd7 10. a4 b6 11. g4 Bb7 12. Bd3 Nc5 13. Qf3 d5 14. e5 Nfe4 15. Bxe4
Nxe4 16. Nxe4 dxe4 17. Qf2 Bc5 18. c3 O-O 19. b4 Bxd4 20. Bxd4 b5 21. a5 Bd5
22. Qe3 f6 23. Rad1 Bc4 24. Rf2 Bd3 25. Rc1 Rf7 26. h3 Raf8 27. Bc5 fxe5 28.
Bxf8 exf4 29. Qc5 e3 30. Qxc7 exf2+ 31. Kxf2 Rxc7 32. Bd6 Rf7 33. Rd1 Bc4 34.
Bc5 Bd5 35. Re1 g5 36. Re5 h6 37. Bd4 Rd7 38. h4 Rg7 39. h5 Rd7 40. Re1 Kf7 41.
Kg1 Bf3 42. Kf2 Bxg4 0-1

[Event "Januariturneringen"]
[Site "?"]
[Date "2006.01.07"]
[Round "2"]
[White "Eckeskog, Patrik"]
[Black "Jonsson, Emil"]
[Result "0-1"]
[WhiteElo "1881"]
[BlackElo "1860"]
[PlyCount "74"]

1. d4 Nf6 2. c4 c5 3. d5 b5 4. b3 g6 5. Bb2 Bg7 6. e4 d6 7. Nd2 O-O 8. Bd3 bxc4
9. bxc4 e6 10. Ne2 exd5 11. exd5 Re8 12. Qc2 Nbd7 13. Nf3 Rb8 14. Bc3 Ng4 15.
Bxg7 Kxg7 16. O-O Nge5 17. Qc3 Kg8 18. Nd2 Nxd3 19. Qxd3 Ne5 20. Qc3 Ba6 21.
Ng3 f5 22. h3 Qh4 23. f4 Nxc4 24. Nxc4 Bxc4 25. Nxf5 gxf5 26. Qxc4 Rb4 27. Qa6
Qe7 28. Rf3 Rb6 29. Qa5 Rb4 30. Qa6 Rb6 31. Qa3 Kf7 32. Rd1 Rb4 33. Qa6 Rb2 34.
Rdf1 Qe2 35. Qxa7+ Re7 36. R3f2 Rxa7 37. Rxe2 Rxe2 0-1

[Event "Januariturneringen"]
[Site "?"]
[Date "2006.01.07"]
[Round "2"]
[White "Hjorth, Gunnar"]
[Black "Fuentes, Ruben"]
[Result "1/2-1/2"]
[WhiteElo "2245"]
[BlackElo "1970"]
[PlyCount "61"]

1. c4 Nf6 2. Nc3 e5 3. g3 Nc6 4. Bg2 Bb4 5. Nd5 Bc5 6. e3 O-O 7. a3 a5 8. Ne2
Re8 9. O-O Nxd5 10. cxd5 Ne7 11. d4 exd4 12. Nxd4 c6 13. Nb3 Bd6 14. e4 cxd5
15. exd5 b5 16. Nd2 Bb7 17. Ne4 Qb8 18. Nxd6 Qxd6 19. Bf4 Qf6 20. Qd2 h6 21.
Rfe1 d6 22. Be3 Nf5 23. Bb6 a4 24. Rad1 Rxe1+ 25. Rxe1 Rc8 26. Bh3 Rc4 27. Bf1
Nd4 28. Re8+ Kh7 29. Bxd4 Rxd4 30. Qc2+ g6 31. Bg2 1/2-1/2

[Event "Januariturneringen"]
[Site "?"]
[Date "2006.01.07"]
[Round "2"]
[White "Ahlbom, Roger"]
[Black "Josefsson, Kenneth"]
[Result "1/2-1/2"]
[WhiteElo "1647"]
[BlackElo "1843"]
[PlyCount "101"]

1. d4 g6 2. Bf4 Bg7 3. e3 d6 4. c3 Nf6 5. Bd3 O-O 6. Qc2 c5 7. Nf3 cxd4 8. exd4
Nc6 9. Nbd2 Bg4 10. h3 Bxf3 11. Nxf3 Rc8 12. Qd2 e5 13. dxe5 dxe5 14. Bg5 Qa5
15. O-O Rfd8 16. Qe2 Re8 17. Bxf6 Bxf6 18. Nd2 Bg7 19. Ne4 Rcd8 20. Bc4 Rf8 21.
Rad1 Qc7 22. a3 a6 23. Ba2 Qe7 24. Rxd8 Rxd8 25. Rd1 Rxd1+ 26. Qxd1 Nd8 27. Qd5
Bh6 28. a4 Bf8 29. g3 h6 30. Kg2 Kg7 31. b4 Qc7 32. Kf3 Ne6 33. Qc4 Qd7 34. Bb3
Be7 35. Qd5 Qxd5 36. Bxd5 Nd8 37. Nd2 f5 38. Nc4 e4+ 39. Ke2 Kf6 40. f3 exf3+
41. Bxf3 Ke6 42. Kd3 Bf6 43. Ne3 Be5 44. g4 f4 45. Nc2 Bc7 46. Nd4+ Kf6 47. Be4
b6 48. c4 Bd6 49. b5 a5 50. Bd5 Bc5 51. Nf3 1/2-1/2

[Event "Januariturneringen"]
[Site "?"]
[Date "2006.01.07"]
[Round "2"]
[White "Forsberg, Viktor"]
[Black "Carlsson, Eric"]
[Result "1-0"]
[WhiteElo "2278"]
[BlackElo "2095"]
[PlyCount "73"]

1. e4 d6 2. d4 Nf6 3. Nc3 c6 4. f4 d5 5. e5 Ng8 6. Nf3 h5 7. Be3 Bf5 8. Bd3 Nh6
9. O-O e6 10. Ne2 g6 11. b3 Ng4 12. Bc1 c5 13. h3 Nh6 14. c4 Nc6 15. cxd5 Qxd5
16. Bc4 Qd7 17. Be3 cxd4 18. Nexd4 a6 19. Qe2 Rc8 20. Rfd1 Qc7 21. Nxc6 Qxc6
22. Nd4 Qe4 23. Bd3 Qd5 24. Nxf5 gxf5 25. Bxa6 Qe4 26. Bd3 Qxe3+ 27. Qxe3 Bc5
28. Bb5+ Kf8 29. Rd4 Kg7 30. Rad1 Rhd8 31. Kh2 Rxd4 32. Rxd4 Rd8 33. Qg3+ Ng4+
34. hxg4 Bxd4 35. gxf5+ Kh7 36. Qg5 Rh8 37. f6 1-0

[Event "Januariturneringen"]
[Site "?"]
[Date "2006.01.07"]
[Round "2"]
[White "Johansson, David"]
[Black "Malmdin, Nils Åke"]
[Result "1/2-1/2"]
[WhiteElo "1867"]
[BlackElo "2225"]
[PlyCount "40"]

1. e4 d5 2. exd5 Qxd5 3. Nc3 Qd6 4. d4 Nf6 5. Nf3 a6 6. g3 Nc6 7. Bg2 Bg4 8.
O-O O-O-O 9. d5 Ne5 10. Bf4 Bxf3 11. Bxf3 Nxf3+ 12. Qxf3 Qd7 13. Rad1 Qh3 14.
Rfe1 h6 15. Rd4 e6 16. Rc4 Bd6 17. dxe6 fxe6 18. Ne4 Nxe4 19. Qxe4 e5 20. Be3
g5 1/2-1/2

[Event "Januariturneringen"]
[Site "?"]
[Date "2006.01.07"]
[Round "2"]
[White "Englund, Magnus"]
[Black "Prokopic, Novak"]
[Result "1-0"]
[WhiteElo "1762"]
[BlackElo "1547"]
[PlyCount "87"]

1. e4 c5 2. Nf3 a6 3. d4 e6 4. c4 cxd4 5. Nxd4 Bc5 6. Nb3 Ba7 7. Bf4 Nc6 8. Bd6
Nge7 9. Qg4 Ng6 10. Nc3 Nd4 11. Bd3 Qh4 12. Qxh4 Nxh4 13. O-O f5 14. Nxd4 Bxd4
15. exf5 Nxf5 16. Bxf5 exf5 17. Nd5 Kf7 18. Rfe1 Bxb2 19. Re7+ Kg6 20. Rb1 Bf6
21. Re2 b5 22. Nb6 Ra7 23. c5 Bd8 24. Nxc8 Rb7 25. a4 b4 26. Rb3 a5 27. Rg3+
Kf7 28. Be5 Bc7 29. Bxc7 Rxc7 30. Nd6+ Kf6 31. Ne8+ Rxe8 32. Rxe8 Rxc5 33. Re1
Rc2 34. Rd3 Ra2 35. Rxd7 Rxa4 36. f4 b3 37. Rd6+ Kf7 38. Rb6 Ra3 39. Rc1 h6 40.
h4 a4 41. h5 Ra2 42. Rc7+ Kg8 43. Rb8+ Kh7 44. Rcc8 1-0

[Event "Januariturneringen"]
[Site "?"]
[Date "2006.01.07"]
[Round "2"]
[White "Nilsson, Dennis"]
[Black "Nygren, David"]
[Result "0-1"]
[WhiteElo "2088"]
[BlackElo "2274"]
[PlyCount "78"]

1. e4 e6 2. d4 d5 3. Nd2 c5 4. c3 cxd4 5. cxd4 Nc6 6. Ngf3 Qb6 7. Bd3 Nf6 8. e5
Nd7 9. Qa4 Bb4 10. a3 Be7 11. Bb5 O-O 12. Bxc6 bxc6 13. b4 Ba6 14. Nb3 Bb5 15.
Qa5 Qb8 16. Nc5 Nb6 17. Nd2 Bd8 18. a4 Nc4 19. axb5 Bxa5 20. bxa5 Nxd2 21. Bxd2
Qxb5 22. Rd1 Qc4 23. Be3 Rfd8 24. a6 Rab8 25. Rc1 Qb5 26. Kd2 Qa5+ 27. Ke2 f6
28. exf6 Rb2+ 29. Kf3 Rf8 30. Nd7 Rf7 31. Ne5 Rxf6+ 32. Kg3 h5 33. Rxc6 Qa2 34.
Rc8+ Rf8 35. Rxf8+ Kxf8 36. Nd7+ Ke7 37. Nc5 Rb1 38. Rxb1 Qxb1 39. Bf4 Qf5 0-1

[Event "Januariturneringen"]
[Site "?"]
[Date "2006.01.07"]
[Round "2"]
[White "Berggren, Karl-Erik"]
[Black "Sundin, David"]
[Result "1-0"]
[WhiteElo "1695"]
[BlackElo "1640"]
[PlyCount "46"]

1. d4 d5 2. c4 e6 3. Nc3 Nf6 4. Bg5 Be7 5. e3 Nbd7 6. Nf3 O-O 7. Rc1 b6 8. cxd5
exd5 9. Bd3 Bb7 10. O-O c5 11. Re1 Rc8 12. Bb1 Re8 13. Qd3 Ne4 14. Bxe7 Qxe7
15. Nd2 g6 16. f3 Nxd2 17. Qxd2 Qg5 18. Qf2 Re6 19. h4 Qf6 20. Rcd1 c4 21. e4
Rce8 22. e5 Qe7 23. Nb5 Nxe5 1-0

[Event "Januariturneringen"]
[Site "?"]
[Date "2006.01.07"]
[Round "3"]
[White "Jonsson, Emil"]
[Black "Berggren, Karl-Erik"]
[Result "1-0"]
[WhiteElo "1860"]
[BlackElo "1695"]
[PlyCount "115"]

1. e4 e6 2. Nf3 d5 3. e5 c5 4. b4 Nc6 5. bxc5 Bxc5 6. d4 Bb6 7. c3 f6 8. exf6
Nxf6 9. Bd3 Bc7 10. O-O O-O 11. Re1 h6 12. Ba3 Bd6 13. Bxd6 Qxd6 14. Ne5 Ne7
15. Nd2 b6 16. Ndf3 Bd7 17. Qe2 Bc8 18. Rac1 Nh5 19. g3 Nf6 20. Nh4 Ne8 21. Qc2
Nf6 22. Ng2 Bb7 23. Qe2 Rac8 24. Nf3 Ne4 25. Bxe4 dxe4 26. Nd2 Qc6 27. Qxe4
Qxe4 28. Nxe4 Bd5 29. Nf4 Rc6 30. Nxd5 exd5 31. Nd2 Ng6 32. f4 Rfc8 33. Re3 Kf7
34. Kf2 R6c7 35. Nf3 Ne7 36. Ke2 b5 37. g4 a5 38. Kd2 b4 39. Ng1 a4 40. Ne2 Rc4
41. cxb4 Rxc1 42. Nxc1 Rc4 43. Ne2 Rxb4 44. Rc3 Rb2+ 45. Rc2 Rb4 46. Kc3 Rc4+
47. Kd3 Rb4 48. Kc3 Rc4+ 49. Kb2 Rb4+ 50. Ka3 Rb6 51. Kxa4 Nc6 52. Rc5 Rb2 53.
Nc3 Nxd4 54. Rxd5 Rc2 55. Rxd4 Rxc3 56. Kb4 Rc2 57. a4 Rxh2 58. a5 1-0

[Event "Januariturneringen"]
[Site "?"]
[Date "2006.01.07"]
[Round "3"]
[White "Malmdin, Nils Åke"]
[Black "Wahlström, Arne"]
[Result "1-0"]
[WhiteElo "2225"]
[BlackElo "2128"]
[PlyCount "69"]

1. e4 c5 2. Nf3 Nc6 3. Bc4 e5 4. c3 Be7 5. d4 Na5 6. Bd5 d6 7. dxe5 Bg4 8. h3
Bh5 9. g4 Bg6 10. h4 h5 11. g5 Qd7 12. Bf4 O-O-O 13. Nbd2 Qc7 14. Qa4 f6 15.
exf6 gxf6 16. b4 Nc6 17. bxc5 Ne5 18. Bxe5 dxe5 19. c6 bxc6 20. Bxc6 Rd6 21.
Bd5 f5 22. Rb1 Rb6 23. O-O Bc5 24. Nc4 fxe4 25. Nxb6+ Bxb6 26. Bxe4 Ne7 27. Rb4
Bxe4 28. Rxe4 Kb8 29. Rc4 Qd6 30. Qb5 Rf8 31. Qxe5 Nf5 32. Rf4 Bc7 33. Rb1+ Kc8
34. Qxd6 Bxd6 35. Rc4+ 1-0

[Event "Januariturneringen"]
[Site "?"]
[Date "2006.01.07"]
[Round "3"]
[White "Nygren, David"]
[Black "Forsberg, Viktor"]
[Result "1/2-1/2"]
[WhiteElo "2274"]
[BlackElo "2278"]
[PlyCount "111"]

1. e4 c5 2. c3 Nf6 3. e5 Nd5 4. d4 cxd4 5. Nf3 e6 6. cxd4 d6 7. a3 Bd7 8. Bd3
Bc6 9. O-O Nd7 10. b4 a6 11. Re1 Be7 12. exd6 Bxd6 13. Nbd2 N7f6 14. Ne4 Rc8
15. Ne5 Bxe5 16. dxe5 Nxe4 17. Bxe4 Nc3 18. Bxc6+ Rxc6 19. Qg4 g6 20. Bg5 h5
21. Qh4 Qd5 22. Qf4 Qd7 23. Bf6 Nd5 24. Qg5 Nxf6 25. Qxf6 O-O 26. Rad1 Qc7 27.
h3 Re8 28. Re3 Rc1 29. Rxc1 Qxc1+ 30. Kh2 Qc7 31. g4 hxg4 32. hxg4 Qe7 33. g5
Qf8 34. Rh3 Qg7 35. Rc3 Qh7+ 36. Kg2 Rf8 37. Rh3 Qg7 38. Rd3 Qh7 39. Rc3 b5 40.
Qf4 Qg7 41. Rc6 Ra8 42. Rb6 Qf8 43. Qd2 Qe7 44. Rd6 Qb7+ 45. f3 Rc8 46. Rd7 Qc6
47. Rd6 Qb7 48. Qf4 Qa7 49. Rd2 a5 50. bxa5 Qxa5 51. Rd7 Rf8 52. Qb4 Qb6 53.
Qf4 Qa5 54. Qf6 Qe1 55. Rd8 Qe2+ 56. Kg3 1/2-1/2

[Event "Januariturneringen"]
[Site "?"]
[Date "2006.01.07"]
[Round "3"]
[White "Sundin, David"]
[Black "Johansson, Björn"]
[Result "1-0"]
[WhiteElo "1640"]
[BlackElo "1422"]
[PlyCount "103"]

1. e4 e6 2. d4 d5 3. e5 c5 4. c3 Nc6 5. Nf3 Qb6 6. Bd3 Bd7 7. Bc2 cxd4 8. cxd4
Rc8 9. Nc3 Bb4 10. O-O g6 11. Rb1 a6 12. Be3 Nge7 13. Na4 Qc7 14. a3 Ba5 15.
Nc5 Bb6 16. b4 O-O 17. Bh6 Rfe8 18. Qd2 Bxc5 19. bxc5 Qa5 20. Qg5 Nf5 21. Bxf5
Qd8 22. Qxd8 Rcxd8 23. Bd3 Bc8 24. Rb6 Na5 25. Rc1 Rd7 26. h4 Kh8 27. Bg5 Kg8
28. Bh6 Kh8 29. Rc3 Rc7 30. Ng5 Kg8 31. Bc2 Nc6 32. Rd3 Ne7 33. g4 Kh8 34.
Nxf7+ Kg8 35. Ng5 Nc6 36. h5 Ree7 37. hxg6 hxg6 38. Nh3 Rh7 39. g5 Rcf7 40. f4
Rf5 41. Rd2 a5 42. Kg2 Kh8 43. Bd3 Nxd4 44. Bb1 Nc6 45. Bxf5 gxf5 46. Ng1 Kg8
47. Nf3 Kh8 48. Kg3 Ne7 49. Nd4 Nc6 50. Nxc6 bxc6 51. Rxc6 Bb7 52. Rxe6 1-0

[Event "Januariturneringen"]
[Site "?"]
[Date "2006.01.07"]
[Round "3"]
[White "Berggren, Johanna"]
[Black "Nilsson, Dennis"]
[Result "1-0"]
[WhiteElo "1714"]
[BlackElo "2088"]
[PlyCount "70"]

1. d4 Nf6 2. c4 g6 3. Nc3 Bg7 4. e4 d6 5. f3 O-O 6. Be3 Nbd7 7. Nh3 e5 8. d5 a6
9. Be2 Qe7 10. Qd2 Rb8 11. Nf2 b6 12. g4 Nc5 13. h4 Ne8 14. h5 Bd7 15. O-O-O f6
16. hxg6 hxg6 17. Bh6 g5 18. Rh2 Kf7 19. Rdh1 Rh8 20. Qe1 Bxh6 21. Rxh6 Rxh6
22. Rxh6 Ng7 23. Qh1 Rg8 24. Ncd1 b5 25. Ne3 bxc4 26. Bxc4 a5 27. Nf5 Bxf5 28.
gxf5 Nd7 29. Ng4 Ke8 30. Bb5 Rf8 31. Qe1 Kf7 32. Bxd7 Qxd7 33. Rxf6+ Kg8 34.
Nh6+ Kh7 35. Rxf8 Qb5 1-0

[Event "Januariturneringen"]
[Site "?"]
[Date "2006.01.07"]
[Round "3"]
[White "Berggren, Kalle"]
[Black "Eckeskog, Patrik"]
[Result "0-1"]
[WhiteElo "1658"]
[BlackElo "1881"]
[PlyCount "62"]

1. d4 Nf6 2. Nc3 d6 3. e4 Nbd7 4. f4 c5 5. Nf3 cxd4 6. Nxd4 a6 7. Be2 e5 8. Nb3
b5 9. Bf3 Bb7 10. Qe2 Be7 11. O-O O-O 12. g4 b4 13. Nd1 a5 14. Nf2 a4 15. Nd2
exf4 16. g5 Ne8 17. h4 Ne5 18. b3 a3 19. Bg2 Nc7 20. Nf3 Ne6 21. Bd2 Ba6 22.
Nd3 Qb6+ 23. Kh1 Rac8 24. Rac1 Rxc2 25. Nfxe5 Rxc1 26. Rxc1 dxe5 27. Be1 Qd4
28. Rd1 Rd8 29. Bf1 Nc5 30. Bf2 Bxd3 31. Qf3 Bxe4 0-1